<?xml version="1.0" encoding="UTF-8"?>
<record
    xmlns:xsi="http://www.w3.org/2001/XMLSchema-instance"
    xsi:schemaLocation="http://www.loc.gov/MARC21/slim http://www.loc.gov/standards/marcxml/schema/MARC21slim.xsd"
    xmlns="http://www.loc.gov/MARC21/slim">

  <leader>02442nam a22002297a 4500</leader>
  <controlfield tag="003">NALT</controlfield>
  <controlfield tag="005">20231205153541.0</controlfield>
  <controlfield tag="008">220131b        th ||||| |||| 00| 0 tha d</controlfield>
  <datafield tag="040" ind1=" " ind2=" ">
    <subfield code="a">NALT</subfield>
  </datafield>
  <datafield tag="041" ind1="0" ind2=" ">
    <subfield code="a">tha</subfield>
    <subfield code="b">eng</subfield>
  </datafield>
  <datafield tag="050" ind1=" " ind2=" ">
    <subfield code="a">DS 578.32</subfield>
    <subfield code="b">&#xE17;622&#xE1B; 2558</subfield>
  </datafield>
  <datafield tag="110" ind1="2" ind2=" ">
    <subfield code="9">62272</subfield>
    <subfield code="a">&#xE2A;&#xE16;&#xE32;&#xE19;&#xE40;&#xE2D;&#xE01;&#xE2D;&#xE31;&#xE04;&#xE23;&#xE32;&#xE0A;&#xE17;&#xE39;&#xE15; &#xE13; &#xE01;&#xE23;&#xE38;&#xE07;&#xE40;&#xE1A;&#xE2D;&#xE23;&#xE4C;&#xE25;&#xE34;&#xE19;</subfield>
  </datafield>
  <datafield tag="245" ind1="1" ind2="0">
    <subfield code="a">&#xE1B;&#xE23;&#xE30;&#xE21;&#xE27;&#xE25;&#xE1E;&#xE23;&#xE30;&#xE23;&#xE32;&#xE0A;&#xE01;&#xE23;&#xE13;&#xE35;&#xE22;&#xE01;&#xE34;&#xE08;&#xE2A;&#xE21;&#xE40;&#xE14;&#xE47;&#xE08;&#xE1E;&#xE23;&#xE30;&#xE40;&#xE17;&#xE1E;&#xE23;&#xE31;&#xE15;&#xE19;&#xE23;&#xE32;&#xE0A;&#xE2A;&#xE38;&#xE14;&#xE32;&#xE2F; &#xE2A;&#xE22;&#xE32;&#xE21;&#xE1A;&#xE23;&#xE21;&#xE23;&#xE32;&#xE0A;&#xE01;&#xE38;&#xE21;&#xE32;&#xE23;&#xE35; &#xE43;&#xE19;&#xE04;&#xE27;&#xE32;&#xE21;&#xE2A;&#xE31;&#xE21;&#xE1E;&#xE31;&#xE19;&#xE18;&#xE4C;&#xE44;&#xE17;&#xE22; - &#xE40;&#xE22;&#xE2D;&#xE23;&#xE21;&#xE13;&#xE35; /</subfield>
    <subfield code="c">&#xE08;&#xE31;&#xE14;&#xE17;&#xE33;&#xE42;&#xE14;&#xE22; &#xE2A;&#xE16;&#xE32;&#xE19;&#xE40;&#xE2D;&#xE01;&#xE2D;&#xE31;&#xE04;&#xE23;&#xE32;&#xE0A;&#xE17;&#xE39;&#xE15; &#xE13; &#xE01;&#xE23;&#xE38;&#xE07;&#xE40;&#xE1A;&#xE2D;&#xE23;&#xE4C;&#xE25;&#xE34;&#xE19;.</subfield>
  </datafield>
  <datafield tag="260" ind1=" " ind2=" ">
    <subfield code="a">&#xE01;&#xE23;&#xE38;&#xE07;&#xE40;&#xE17;&#xE1E;&#xE2F; :</subfield>
    <subfield code="b">&#xE2D;&#xE21;&#xE23;&#xE34;&#xE19;&#xE17;&#xE23;&#xE4C;&#xE1E;&#xE23;&#xE34;&#xE49;&#xE19;&#xE15;&#xE34;&#xE49;&#xE07;&#xE41;&#xE2D;&#xE19;&#xE14;&#xE4C;&#xE1E;&#xE31;&#xE1A;&#xE25;&#xE34;&#xE0A;&#xE0A;&#xE34;&#xE48;&#xE07;,</subfield>
    <subfield code="c">2558.</subfield>
  </datafield>
  <datafield tag="300" ind1=" " ind2=" ">
    <subfield code="a">270 &#xE2B;&#xE19;&#xE49;&#xE32; :</subfield>
    <subfield code="b">&#xE20;&#xE32;&#xE1E;&#xE1B;&#xE23;&#xE30;&#xE01;&#xE2D;&#xE1A;, &#xE15;&#xE32;&#xE23;&#xE32;&#xE07; ;</subfield>
    <subfield code="c">26 &#xE0B;&#xE21;.</subfield>
  </datafield>
  <datafield tag="505" ind1="1" ind2=" ">
    <subfield code="a">&#xE04;&#xE27;&#xE32;&#xE21;&#xE23;&#xE48;&#xE27;&#xE21;&#xE21;&#xE37;&#xE2D;&#xE14;&#xE49;&#xE32;&#xE19;&#xE01;&#xE32;&#xE23;&#xE28;&#xE36;&#xE01;&#xE29;&#xE32;&#xE41;&#xE25;&#xE30;&#xE27;&#xE34;&#xE17;&#xE22;&#xE32;&#xE28;&#xE32;&#xE2A;&#xE15;&#xE23;&#xE4C;&#xE01;&#xE31;&#xE1A;&#xE2A;&#xE2B;&#xE1E;&#xE31;&#xE19;&#xE18;&#xE4C;&#xE2A;&#xE32;&#xE18;&#xE32;&#xE23;&#xE13;&#xE23;&#xE31;&#xE10;&#xE40;&#xE22;&#xE2D;&#xE23;&#xE21;&#xE19;&#xE35; -- &#xE1E;&#xE23;&#xE30;&#xE23;&#xE32;&#xE0A;&#xE01;&#xE23;&#xE13;&#xE35;&#xE22;&#xE01;&#xE34;&#xE08;&#xE02;&#xE2D;&#xE07;&#xE2A;&#xE21;&#xE40;&#xE14;&#xE47;&#xE08;&#xE1E;&#xE23;&#xE30;&#xE40;&#xE17;&#xE1E;&#xE23;&#xE31;&#xE15;&#xE19;&#xE23;&#xE32;&#xE0A;&#xE2A;&#xE38;&#xE14;&#xE32;&#xE2F; &#xE2A;&#xE22;&#xE32;&#xE21;&#xE1A;&#xE23;&#xE21;&#xE23;&#xE32;&#xE0A;&#xE01;&#xE38;&#xE21;&#xE32;&#xE23;&#xE35;&#xE43;&#xE19;&#xE01;&#xE32;&#xE23;&#xE2A;&#xE48;&#xE07;&#xE40;&#xE2A;&#xE23;&#xE34;&#xE21;&#xE2A;&#xE31;&#xE21;&#xE1E;&#xE31;&#xE19;&#xE18;&#xE44;&#xE21;&#xE15;&#xE23;&#xE35;&#xE44;&#xE17;&#xE22;-&#xE40;&#xE22;&#xE2D;&#xE23;&#xE21;&#xE31;&#xE19; -- &#xE42;&#xE04;&#xE23;&#xE07;&#xE01;&#xE32;&#xE23;&#xE19;&#xE31;&#xE01;&#xE28;&#xE36;&#xE01;&#xE29;&#xE32;&#xE20;&#xE32;&#xE04;&#xE24;&#xE14;&#xE39;&#xE23;&#xE49;&#xE2D;&#xE19;&#xE40;&#xE14;&#xE0B;&#xE35; -- &#xE42;&#xE04;&#xE23;&#xE07;&#xE01;&#xE32;&#xE23;&#xE1C;&#xE39;&#xE49;&#xE41;&#xE17;&#xE19;&#xE44;&#xE17;&#xE22;&#xE40;&#xE02;&#xE49;&#xE32;&#xE23;&#xE48;&#xE27;&#xE21;&#xE01;&#xE32;&#xE23;&#xE1B;&#xE23;&#xE30;&#xE0A;&#xE38;&#xE21;&#xE1C;&#xE39;&#xE49;&#xE44;&#xE14;&#xE49;&#xE23;&#xE31;&#xE1A;&#xE23;&#xE32;&#xE07;&#xE27;&#xE31;&#xE25;&#xE42;&#xE19;&#xE40;&#xE1A;&#xE25; &#xE13; &#xE40;&#xE21;&#xE37;&#xE2D;&#xE07;&#xE25;&#xE34;&#xE19;&#xE40;&#xE14;&#xE32;&#xE15;&#xE32;&#xE21;&#xE1E;&#xE23;&#xE30;&#xE23;&#xE32;&#xE0A;&#xE14;&#xE33;&#xE23;&#xE34;&#xE2A;&#xE21;&#xE40;&#xE14;&#xE47;&#xE08;&#xE1E;&#xE23;&#xE30;&#xE40;&#xE17;&#xE1E;&#xE23;&#xE31;&#xE15;&#xE19;&#xE23;&#xE32;&#xE0A;&#xE2A;&#xE38;&#xE14;&#xE32;&#xE2F; &#xE2A;&#xE22;&#xE32;&#xE21;&#xE1A;&#xE23;&#xE21;&#xE23;&#xE32;&#xE0A;&#xE01;&#xE38;&#xE21;&#xE32;&#xE23;&#xE35;.</subfield>
  </datafield>
  <datafield tag="600" ind1="0" ind2="4">
    <subfield code="a">&#xE40;&#xE17;&#xE1E;&#xE23;&#xE31;&#xE15;&#xE19;&#xE23;&#xE32;&#xE0A;&#xE2A;&#xE38;&#xE14;&#xE32;&#xE2F; &#xE2A;&#xE22;&#xE32;&#xE21;&#xE1A;&#xE23;&#xE21;&#xE23;&#xE32;&#xE0A;&#xE01;&#xE38;&#xE21;&#xE32;&#xE23;&#xE35;, </subfield>
    <subfield code="c">&#xE2A;&#xE21;&#xE40;&#xE14;&#xE47;&#xE08;&#xE1E;&#xE23;&#xE30;,</subfield>
    <subfield code="d">2498-</subfield>
    <subfield code="x">&#xE1E;&#xE23;&#xE30;&#xE23;&#xE32;&#xE0A;&#xE01;&#xE23;&#xE13;&#xE35;&#xE22;&#xE01;&#xE34;&#xE08;</subfield>
    <subfield code="9">584</subfield>
  </datafield>
  <datafield tag="600" ind1="0" ind2="4">
    <subfield code="9">22859</subfield>
    <subfield code="a"> &#xE40;&#xE17;&#xE1E;&#xE23;&#xE31;&#xE15;&#xE19;&#xE23;&#xE32;&#xE0A;&#xE2A;&#xE38;&#xE14;&#xE32;&#xE2F; &#xE2A;&#xE22;&#xE32;&#xE21;&#xE1A;&#xE23;&#xE21;&#xE23;&#xE32;&#xE0A;&#xE01;&#xE38;&#xE21;&#xE32;&#xE23;&#xE35;,</subfield>
    <subfield code="c">&#xE2A;&#xE21;&#xE40;&#xE14;&#xE47;&#xE08;&#xE1E;&#xE23;&#xE30;,</subfield>
    <subfield code="d">2498-</subfield>
    <subfield code="x">&#xE01;&#xE32;&#xE23;&#xE40;&#xE22;&#xE37;&#xE2D;&#xE19;&#xE15;&#xE48;&#xE32;&#xE07;&#xE1B;&#xE23;&#xE30;&#xE40;&#xE17;&#xE28; </subfield>
  </datafield>
  <datafield tag="850" ind1=" " ind2=" ">
    <subfield code="a">NALT</subfield>
  </datafield>
  <datafield tag="942" ind1=" " ind2=" ">
    <subfield code="2">lcc</subfield>
    <subfield code="c">GB</subfield>
  </datafield>
  <datafield tag="996" ind1=" " ind2=" ">
    <subfield code="a">kornsiririn.r</subfield>
    <subfield code="b">CATSTF	</subfield>
    <subfield code="c">2023-12-05</subfield>
  </datafield>
  <datafield tag="999" ind1=" " ind2=" ">
    <subfield code="c">99151</subfield>
    <subfield code="d">99151</subfield>
  </datafield>
  <datafield tag="998" ind1=" " ind2=" ">
    <subfield code="j">7560</subfield>
    <subfield code="k"> &#xE01;&#xE23;&#xE28;&#xE34;&#xE23;&#xE34;&#xE23;&#xE34;&#xE19;&#xE17;&#xE23;&#xE4C;  &#xE23;&#xE31;&#xE15;&#xE19;&#xE2A;&#xE38;&#xE20;&#xE32;</subfield>
  </datafield>
  <datafield tag="952" ind1=" " ind2=" ">
    <subfield code="0">0</subfield>
    <subfield code="1">0</subfield>
    <subfield code="2">lcc</subfield>
    <subfield code="4">0</subfield>
    <subfield code="7">0</subfield>
    <subfield code="8">CSEN</subfield>
    <subfield code="a">NALT</subfield>
    <subfield code="b">NALT</subfield>
    <subfield code="c">GEN</subfield>
    <subfield code="d">2022-01-31</subfield>
    <subfield code="o">DS 578.32 &#xE17;622&#xE1B; 2558</subfield>
    <subfield code="p">0100008428001</subfield>
    <subfield code="r">2024-02-29 00:00:00</subfield>
    <subfield code="w">2022-01-31</subfield>
    <subfield code="y">GB</subfield>
  </datafield>
</record>
